Central Library OPAC University of Rajshahi

Society from the inside out : (Record no. 57539)

MARC details
000 -LEADER
fixed length control field 00940nam a2200265 a 4500
001 - CONTROL NUMBER
control field 57539
003 - CONTROL NUMBER IDENTIFIER
rucl marc code BD-RjUL
005 - DATE AND TIME OF LATEST TRANSACTION
control field 20211209080526.0
008 - FIXED-LENGTH DATA ELEMENTS--GENERAL INFORMATION
fixed length control field 101216s1989 ii a b 001 0 eng
020 ## - INTERNATIONAL STANDARD BOOK NUMBER
International Standard Book Number 0803996098 (U.S.)
035 ## - SYSTEM CONTROL NUMBER
System control number (BD-RjUL) 57663
040 ## - CATALOGING SOURCE
Modifying agency NjP
-- BD-RjUL
Original cataloging agency BD-RjUL
Language of cataloging eng
Transcribing agency BD-RjUL
041 ## - LANGUAGE CODE
Language code of text/sound track or separate title eng
082 0# - DEWEY DECIMAL CLASSIFICATION NUMBER
Classification number 306.850954
Edition number 23
Author mark and year SOC 1989
245 00 - TITLE STATEMENT
Title Society from the inside out :
Remainder of title anthropological perspectives on the South Asian household /
Statement of responsibility, etc. edited by John N. Gray and David J. Mearns.
260 ## - PUBLICATION, DISTRIBUTION, ETC. (IMPRINT)
Place of publication, distribution, etc. New Delhi ;
-- Newbury Park :
Name of publisher, distributor, etc. Sage Publications,
Date of publication, distribution, etc. c1989.
300 ## - PHYSICAL DESCRIPTION
Pagination 263 p. :
Illustrations ill. ;
Size 23 cm.
504 ## - BIBLIOGRAPHY, ETC. NOTE
Bibliography, etc Includes bibliographical references and index.
650 #0 - SUBJECT ADDED ENTRY--TOPICAL TERM
Topical term or geographic name as entry element Households
Geographic subdivision South Asia.
9 (RLIN) 170864
Topical term or geographic name as entry element Families
Geographic subdivision South Asia.
9 (RLIN) 170865
Topical term or geographic name as entry element Kinship
Geographic subdivision South Asia.
9 (RLIN) 170866
700 1# - ADDED ENTRY--PERSONAL NAME
Personal name Gray, John N.,
Dates associated with a name 1945-
Personal name Mearns, David J.,
Dates associated with a name 1948-
942 ## - ADDED ENTRY ELEMENTS (KOHA)
Source of classification or shelving scheme Dewey Decimal Classification
Koha item type Books
Holdings
Lost status Source of classification or shelving scheme Damaged status Not for loan Collection code Permanent Location Current Location Shelving location Date acquired Source of acquisition Cost, normal purchase price Total Checkouts Full call number Date last seen Copy number Koha item type
  Dewey Decimal Classification   Not For Loan Non-fiction Central Library, University of Rajshahi Central Library, University of Rajshahi Reading Room 31/03/1996 Rajshshi 420.00   306.850954 SOC 1989 10/12/2016 C-1 Books